| 000 | 00652nam a22002417a 4500 | ||
|---|---|---|---|
| 003 | UA-OsUOA | ||
| 001 | 107480 | ||
| 007 | ta | ||
| 008 | 20140822b un ||||| |||| 00| 0 ukr d | ||
| 100 | _aМоклянчук М. П. | ||
| 090 |
_a517.97(075.8) _bМ74 |
||
| 942 | _cBK | ||
| 040 |
_aUA-OsUOA _bukr _cUA-OsUOA _dUA-OsUOA |
||
| 245 |
_aВаріаційне числення. Екстремальні задачі _bпідручник |
||
| 300 | _a399 с. | ||
| 955 | _a2 | ||
| 041 | _aukr | ||
| 080 | _a517.97(075.8) | ||
| 020 | _a978-966-439-207-2 | ||
| 260 |
_aК. _bВПЦ КУ _c2010 |
||
| 650 | 7 |
_a517 Аналіз _2UDC |
|
| 999 |
_c393680 _d393680 |
||